Statystyki dla I wojna światowa czy II wojna światowa?

Kliknij tutaj aby rozwiązać quiz!

Ogólne statystyki

  • Ten quiz został rozwiązany 2 496 razy
  • Średni wynik to 14 z 18

Statystyki odpowiedzi

ZagadnienieOdpowiedź% Poprawnych
Wojna rozpoczęła się zamachemI wojna światowa
94%
Niemcy okupowali ParyżII wojna światowa
93%
Miał większą ilość osób, które zginęłyII wojna światowa
93%
Mussolini był władcą WłochII wojna światowa
93%
Japonia i Niemcy byli sojusznikamiII wojna światowa
92%
Czołgi zostały użyte po raz pierwszyI wojna światowa
86%
Japonia zaatakowała FilipinyII wojna światowa
85%
Powszechnie stosowano gaz musztardowyI wojna światowa
85%
Okopy były cechą charakterystyczną wojnyI wojna światowa
82%
Manfred von Richthofen był słynnym pilotemI wojna światowa
74%
TE Lawrence walczył podczas wojnyI wojna światowa
72%
Zginęło ponad milion francuskich żołnierzyI wojna światowa
69%
Bitwa o Ardeny była niemiecką ofensywąII wojna światowa
67%
Prezydent USA na początku wojny zmarł przed jej zakończeniemII wojna światowa
65%
Sojusznicy dostarczali dostawy do Chin drogą birmańskąII wojna światowa
64%
Wojna znana jest w Rosji jako "Wielka wojna ojczyźniana" ”II wojna światowa
59%
Niemcy wystąpiły zaproponowały Meksykowi, atak na Stany ZjednoczoneI wojna światowa
54%
Zeppeliny zbombardowały LondynI wojna światowa
52%

Rozkład punktacji

Percentyl według liczby udzielonych odpowiedzi

Procent ludzi z każdym wynikiem

Twoja historia wyników

Nie rozwiązałeś tego quizu